| 000 | 01042nam a2200301 i 4500 | ||
|---|---|---|---|
| 005 | 20220316235505.0 | ||
| 008 | 121119s2003 sp a gs 000 j spa d | ||
| 020 | _a8423974545 | ||
| 040 |
_aCO-BoRNBP _bspa _cCO-BoRNBP _erda |
||
| 041 | 0 | _aspa | |
| 100 | 1 |
_aHoffmann, Ernst Theodor Amadeus, _d1776-1822 _eautor |
|
| 245 | 1 | 0 |
_aCuentos _cE.T.A Hoffmann ; introducción, Berta Vias Mahou ; traducción, C. Gallardo de Mesa |
| 250 | _aSexta edición | ||
| 264 | 1 |
_aMadrid _bEspasa-Calpe _c2003 |
|
| 300 |
_a283 páginas _c17 cm |
||
| 336 |
_atexto _btxt _2rdacontent |
||
| 337 |
_asin mediación _bn _2rdamedia |
||
| 338 |
_avolumen _bnc _2rdacarrier |
||
| 490 | _aAustral : narrativa | ||
| 650 | 1 | 4 |
_aCuentos alemanes _xSiglo XVIII _2LEMB |
| 650 | 1 | 4 |
_aLiteratura alemana _xSiglo XVIII _2LEMB |
| 650 | 1 | 4 |
_aNavidad _vCuentos _2LEMB |
| 650 | 1 | 4 |
_aCreación poética _vCuentos _2LEMB |
| 700 | 1 |
_aVias Mahou, Berta, _eautor de introducción _994398 |
|
| 700 | 1 |
_aGallardo de Mesa, C., _etraductor _9126339 |
|
| 942 |
_2loc _cBKLIT |
||
| 084 | _aC HOF1 | ||
| 999 |
_c1116 _d1116 |
||